[Event "Tata Steel-A 87th"]
[Site "Wijk aan Zee"]
[Date "2025.01.22"]
[Round "5"]
[White "Mendonca, Leon Luke"]
[Black "Erigaisi, Arjun Kumar"]
[Result "1/2-1/2"]
[WhiteElo "2639"]
[BlackElo "2801"]
[PlyCount "60"]
[EventDate "2025.01.18"]
[EventType "tourn"]
[EventRounds "13"]
[EventCountry "NED"]
[EventCategory "19"]
[SourceTitle "CB06_2025"]
[SourceDate "2025.02.05"]
[SourceVersion "1"]
[SourceVersionDate "2025.02.05"]
[SourceQuality "1"]

1. d4 Nf6 2. c4 e6 3. Nf3 c5 4. d5 b5 5. Bg5 exd5 6. cxd5 h6 7. Bxf6 Qxf6 8. Qc2 g5 9. Nc3 Bg7 10. Nxb5 Na6 11. e3 0-0 12. a3 d6 13. Bd3 Bd7 14. Nc3 Nc7 15. 0-0 Rab8 16. Nd2 Qe7 17. e4 a6 18. Rab1 Nb5 19. Ne2 Kh8 20. Nc4 Nd4 21. Nxd4 Bxd4 22. Na5 Rb6 23. Nc4 Rbb8 24. Na5 Rb6 25. b3 Qf6 26. Kh1 Rfb8 27. Nc4 R6b7 28. Na5 Rb6 29. Nc4 R6b7 30. Na5 Rb6 1/2-1/2